Année de Coupe du Monde de football - Mort subite - Statistiques

Statistiques générales
  • Ce quiz a été pris 314 fois
    239 depuis la dernière actualisation
  • Le résultat moyen est 8 sur 14
Answers on the Grid
Answers color-coded by a green-red scale on the quiz's grid according to % correct below.
2022
1930
1934
1966
1986
1990
1998
2002
1950
1954
1958
2010
2014
1978
2020
1942
1946
2021
2016
1996
2000
2004
2012
1972
1976
1926
 
Statistiques - réponses
Réponse % Correct
2010
81%
2014
78%
2002
72%
2022
72%
1998
70%
1990
57%
1986
54%
1930
45%
1934
45%
1978
45%
1958
42%
1954
39%
1950
36%
1966
36%
Aucun quiz correspondant
Distribution des résultats
% des personnes avec chaque résultat
Percentile par nombre de réponses
Votre historique - résultats
Vous n’avez pas pris ce quiz depuis la dernière actualisation